LDR 00851naa#a2200169#i#450# 001 RU\INFRA-M\bibl\122776 005 20260515184158.5 011 ## _a2587-6295 100 ## _a20260331b2026####ek#y0rusy0150####ca 102 ## _aRU 200 1# _aЦифровой суверенитет как инструмент сохранения 
и укрепления духовно-нравственных ценностей _eЖурнальная статья 210 1# _aМосква _cОбщество с ограниченной ответственностью «Научно-издательский центр ИНФРА-М» _d2026 215 ## _a16 с. 608 ## _aЖурнальная статья _2local 675 ## _aВерховная власть. Суверенитет. Формы правления. 342.3 _z 700 #1 _aЛолаева _gА. С. 856 4# _azh-szf.ru _u